LEADER 00859cam0-2200313---450- 001 990004241430403321 005 20141106162850.0 010 $a3-15-010459-9 035 $a000424143 035 $aFED01000424143 035 $a(Aleph)000424143FED01 035 $a000424143 100 $a19990604d1999----km-y0itay50------ba 101 0 $ager 102 $aDE 105 $a----e---000yy 200 1 $aSachwörterbuch zur deutschen Literatur$fvon Volker Meid 210 $aStuttgart$cReclam$d1999 215 $a571 p.$d16 cm 610 0 $aLetteratura tedesca$aDizionari 676 $a830.3 700 1$aMeid,$bVolker$0387320 801 0$aIT$bUNINA$gRICA$2UNIMARC 901 $aBK 912 $a990004241430403321 952 $a830.3 MEI 1$bBibl.37353$fFLFBC 959 $aFLFBC 996 $aSachwörterbuch zur deutschen Literatur$9481369 997 $aUNINA LEADER 01859nam 2200433Ia 450 001 996395653503316 005 20221108101709.0 035 $a(CKB)4330000000325095 035 $a(EEBO)2240969696 035 $a(OCoLC)12273654 035 $a(EXLCZ)994330000000325095 100 $a19850717d1666 uy | 101 0 $aeng 135 $aurbn||||a|bb| 200 12$aA brief introduction to the skill of musick$b[electronic resource] $ein three books the first, the grounds and rules of musick, according to the gam-ut and other principles thereof, the second, instructions for the bass-viol, and also for the treble-violin : with lessons for beginners /$fby John Playford philo-musicæ; The third, The art of descant, or, Composing musick in parts / by Dr. Tho. Campion; with annotations thereon by Mr. C. Simpson 210 $aLondon $cPrinted by William Godbid for John Playford, and are to be sold in his shop ...$d1666 215 $a151 p. $cill., music 300 $aEngraved frontispiece portrait of Playford. 300 $a"The art of descant, or, Composing musick in parts" has special t.p. 300 $aReproduction of original in the Harvard University Library. 330 $aeebo-0062 606 $aMusic$vHandbooks, manuals, etc$vEarly works to 1800 606 $aViolin$xInstruction and study$vEarly works to 1800 606 $aCounterpoint 615 0$aMusic 615 0$aViolin$xInstruction and study 615 0$aCounterpoint. 700 $aPlayford$b John$f1623-1686?$0793147 701 $aCampion$b Thomas$f1567-1620.$0198050 701 $aSimpson$b Christopher$fd. 1669.$01001242 801 0$bEAI 801 1$bEAI 801 2$bm/c 801 2$bUMI 801 2$bWaOLN 906 $aBOOK 912 $a996395653503316 996 $aA brief introduction to the skill of musick$92301518 997 $aUNISA